| 000 | 00480nam a2200169Ia 4500 | ||
|---|---|---|---|
| 999 |
_c29442 _d29442 |
||
| 003 | OSt | ||
| 005 | 20201112130539.0 | ||
| 008 | 190216s9999||||xx |||||||||||||| ||und|| | ||
| 040 | _coclc | ||
| 082 |
_a894.8123 _bPUS/D |
||
| 100 |
_aPushpanath, Kottayam _96543 |
||
| 245 | 0 |
_aDrakulakkotta / _cKottayam Pushpanath |
|
| 260 |
_bCurrent Books, _c2004. _aThrissur: |
||
| 300 | _a115p | ||
| 650 | _aNovel | ||
| 942 |
_cBK _2ddc _h894.8123 _iPUS/D _k894.8123 _mPUS/D |
||